<?xml version="1.0" encoding="UTF-8"?>
<collection xmlns="http://www.loc.gov/MARC21/slim">
  <record>
    <leader>00000nam  2200000   4500</leader>
    <controlfield tag="001">INLIS000000000020453</controlfield>
    <controlfield tag="005">20250630104625</controlfield>
    <datafield tag="035" ind1="#" ind2="#">
      <subfield code="a">0010-0625000195</subfield>
    </datafield>
    <controlfield tag="007">ta</controlfield>
    <controlfield tag="008">250630################|##########|#|##</controlfield>
    <datafield tag="084" ind1="#" ind2="#">
      <subfield code="a">R 140 PKN II 2023</subfield>
    </datafield>
    <datafield tag="100" ind1=" " ind2="#">
      <subfield code="a">Agustinus Assem</subfield>
    </datafield>
    <datafield tag="245" ind1="1" ind2="#">
      <subfield code="a">Strategi Pengendalian dan Pencegahan Perubahan Lingkungan Hidup Berbasis Partisipasi Masyarakat di Kabupaten Sorong (BERSI Mas) /</subfield>
      <subfield code="c">Agustinus Assem</subfield>
    </datafield>
    <datafield tag="260" ind1="#" ind2="#">
      <subfield code="a">Jakarta :</subfield>
      <subfield code="b">Pusbangkom Pimnas dan Manajerial ASN,</subfield>
      <subfield code="c">2023</subfield>
    </datafield>
    <datafield tag="300" ind1="#" ind2="#">
      <subfield code="a">77 hlm. ;</subfield>
      <subfield code="c">30 cm</subfield>
    </datafield>
    <datafield tag="650" ind1="#" ind2="4">
      <subfield code="a">Perubahan Lingkungan</subfield>
    </datafield>
    <datafield tag="650" ind1="#" ind2="4">
      <subfield code="a">Patisipasi Masyarakat</subfield>
    </datafield>
    <datafield tag="520" ind1="#" ind2="#">
      <subfield code="a">Pembentukan kelompok masyarakat yang berbasis partisipasi masyarakat diperlukan kondisi lapangan dimana pemerintah perlu menempatkan masyarakat sebagai warga negara yang memiliki nilai (value). Strategi dimulai dengan sosialisasi, pendataan marga-marga dan pemetaan batas wilayah adat sesuai kepemilikan adat menurut marga-marga setempat. Adapun strategi marketing yang dicapai dari Proper ini adalah dengan sosialisasi dan diskusi mengenai sistem pentingnya lingkungan hidup dan sumber daya alam kepada masyarakat, selain itu juga dapat melalui media sosial dan sarana komunikasi yang biar menajangkaui semua lapisan masyarakat. Sebuah terobosan transformasi atau perubahan yang akan dibangun adalah pembentukan kelompok lestari lingkungan yang berbasis partisipasi masyarakat dan penyusunan atau penetapkan regulasi daerah yang menjamin kepastian perlindungan terhadap sumber daya alam dan pelestarian terhadap lingkungn hidup di Kabupaten Sorong.</subfield>
    </datafield>
    <datafield tag="990" ind1="#" ind2="#">
      <subfield code="a">2407140</subfield>
    </datafield>
  </record>
</collection>
